000 00624nam a2200229Ia 4500
003 OSt
005 20220924124626.0
006 a|||||r|||| 00| 0
007 ta
008 220923b |||||||| |||| 00| 0 tel d
024 _a330551
037 _cTextual
040 _aARTS
_cARTS
_btel
041 _2tel
_atel
082 _aO156,1M33:g, 35M5
100 _aReddy M.Ram Au.
_9196423
245 0 _aNarmadshankar
260 _aNew Delhi
_b Sahitya Akademi India
_c1985
650 _aGUJRATI LITERATURE
942 _hO156,1M33:g, 35M5
_cTEXL
_2CC
999 _c420283
_d420283